Inovačné aktivity firiem vo svetle nových environmentálnych zákonov

Gespeichert in:
Bibliographische Detailangaben
1. Verfasser: Molnár, Pavol
Format: Buchkapitel
Sprache:Slowakisch
Tags: Tag hinzufügen
Keine Tags, Fügen Sie das erste Tag hinzu!

MARC

LEADER 00000naa$a2200000$$$4500
001 0060911
005 20240502071658.7
041 0 |a slo 
044 |a SK 
245 1 0 |a Inovačné aktivity firiem vo svetle nových environmentálnych zákonov  |c Pavol Molnár 
100 1 |a Molnár, Pavol